| 000 | 00462nam a22001817a 4500 | ||
|---|---|---|---|
| 003 | CEME | ||
| 005 | 20210628203133.0 | ||
| 008 | 210120b xxu||||| |||| 00| 0 eng d | ||
| 020 | _a0-07-463577-8 | ||
| 040 | _c. | ||
| 082 | _a621.3813 DAS | ||
| 100 |
_aDas, Annapurna, Das, Sisir .K _963546 |
||
| 245 | _aMicrowave engineering | ||
| 260 |
_aINDIA _bTATA MCGRAW HILL _c2006 |
||
| 300 | _aX ,516P | ||
| 650 |
_aMICROWAVE ENGINEERING _91997 |
||
| 942 |
_cBK _2ddc |
||
| 999 |
_c572332 _d572332 |
||